000 00420nam a2200157 a 4500
005 20140414093831.0
008 030619s19uu xx 00 eng d
050 _aCD 200
_bOR #02
245 _aButler's lives of the saints.
260 _aHarmony Media, Inc.
500 _a"I have given you an example"--Cover.
520 _aon CD-ROM
650 _aChristian saints
_xBiography.
942 _cAVM
999 _c108735
_d108735